| 000 | 00756nam a22001697a 4500 | ||
|---|---|---|---|
| 003 | SGT | ||
| 020 | _a8171980554 | ||
| 082 | _a657,MON | ||
| 100 | _aMONGA,J.R | ||
| 245 | _aBASIC CORPORATE ACCOUNTING: INCORPORATING COMPANY'S ACT 2013 | ||
| 250 | _a8TH | ||
| 260 |
_aNEW DELHI _bMAYUR PAPERBACKS _c2015 |
||
| 300 | _a.V.P | ||
| 650 | _aACCOUNTING | ||
| 653 | _aINTRODUCTION, ISSUE, FORFEITURE AND REISSUE OF FORFEITED SHARES, REDEMPTION OF PREFERENCE SHARES, BUY-BACK OF EQUITY SHARES, ISSUE OF DEBENTURES, REDEMPTION OF DEBENTURES, FINAL ACCOUNTS OF COMPANIES, ACCOUNTING FOR AMALGAMATION OF COMPANIES, ACCOUNTING FOR INTERNAL RECONSTRUCTION, CASH FLOW STATEMENT 9 : AS-3 (REVISED)], FINANCIAL STATEMENTS ANALYSIS, RATIO ANALYSIS, | ||
| 942 |
_2ddc _cFCM _05 |
||
| 999 |
_c9244 _d9244 |
||